Movies by Clue-1980s - Statistics

General Stats
  • This quiz has been taken 24 times
  • The average score is 15 of 20
Answer Stats
Clue Movie % Correct
3) Teen takes a DeLorean back to 1955 andtries to pair his high school parents together Back to the Future
100%
11) Razor clawed Freddy Krueger kills teens intheir dreams Nightmare on Elm Street
96%
2) Teens spend a Saturday in schooldetention and find out a lot about one another The Breakfast Club
96%
18) A boy named Elliot befriends a benevolent alienafter it is stranded on Earth ET
91%
1) Teen skips school and has a wild adventure with his friends in Chicago Ferris Buellers Day Off
91%
5) An Iowa farmer builds a baseball fieldthat attracts legendary players from the past Field of Dreams
87%
6) Scientists band together to fightparanormal entities from havoc in NYC Ghostbusters
87%
16) Hotshot fighter pilot Pete Mitchell clashes with the Iceman Tom Kazansky at an elite flight school Top Gun
87%
4) A girl finds romance with a dance instructorat a remote resort in the Catskills Dirty Dancing
83%
19) A cyborg assassin disguised as a human is sentfrom the future to 1984 Terminator
83%
9) An adventurous band of kids find an old pirate mapand follow it in search of treasure The Goonies
83%
17) A writer goes insane while working as a caretakerat a haunted Colorado hotel The Shining
83%
8) An eccentric English teacher inspires hisstudents at a conservative New England prep school Dead Poets Society
78%
13) Hockey masked slasher Jason stalks sexobsessed teens at a summer camp Friday the 13th
78%
14) A hip Chicago teen tries to revive dancing andfreedom in his new strict Midwestern town Footloose
74%
15) Ralphie faces bullies and the antics of his familywhile hoping for a BB gun as a holiday present A Christmas Story
57%
7) Col Robert Shaw is put in charge of thefirst all Black regiment of the Civil War Glory
52%
20) An ad exec is plagued while traveling with a outlandish salesman as he tries to get back to Chicago by any means of travel possible Planes, Trains and Automobiles
43%
10) Rival gangs spark tension as Johnny and Ponyboytry to find their identities in 1950s Oklahoma The Outsiders
39%
12) SoC teens experience love and the trials andtribulations of high school while coming of age Fast Times at Ridgemont High
13%
No matching quizzes found
Score Distribution
Percent of People with Each Score
Percentile by Number Answered
Your Score History
You have not taken this quiz